[Event "Colonia de Sant Jordi op 2nd"]
[Site "Colonia de Sant Jordi"]
[Date "2023.06.13"]
[Round "4"]
[White "Vilar Lopez, Monica"]
[Black "Sayrol Clols, Josep Maria"]
[Result "1/2-1/2"]
[WhiteElo "1969"]
[BlackElo "2017"]
[PlyCount "39"]
[EventDate "2023.06.10"]
[EventType "swiss"]
[EventRounds "9"]
[EventCountry "ESP"]
[SourceTitle "CBM 214 Extra"]
[Source "ChessBase"]
[SourceDate "2023.07.31"]
[SourceVersion "1"]
[SourceVersionDate "2023.07.31"]
[SourceQuality "1"]

1. e4 c5 2. Nf3 Nc6 3. d4 cxd4 4. Nxd4 e5 5. Nb5 d6 6. c4 a6 7. N5c3 f5 8. exf5 Bxf5 9. Bd3 Be6 10. 0-0 Nf6 11. Bg5 Be7 12. Bxf6 Bxf6 13. Ne4 Nd4 14. Qa4+ Nc6 15. Nbc3 0-0 16. Qd1 Nd4 17. Ne2 Nf5 18. N2g3 Nxg3 19. hxg3 Kh8 20. Qe2 1/2-1/2

[Event "Colonia de Sant Jordi op-A"]
[Site "Colonia de Sant Jordi"]
[Date "2022.06.10"]
[Round "7"]
[White "Spanton, Timothy"]
[Black "Sayrol Clols, Josep Maria"]
[Result "1-0"]
[WhiteElo "1861"]
[BlackElo "2047"]
[PlyCount "45"]
[EventDate "2022.06.04"]
[EventType "swiss"]
[EventRounds "9"]
[EventCountry "ESP"]
[SourceTitle "CBM 208 Extra"]
[Source "ChessBase"]
[SourceDate "2022.07.31"]
[SourceVersion "1"]
[SourceVersionDate "2022.07.31"]
[SourceQuality "1"]

1. e4 c5 2. Nf3 Nc6 3. Bb5 d6 4. 0-0 g6 5. c3 Bg7 6. d4 cxd4 7. cxd4 a6 8. Ba4 b5 9. Bb3 Nf6 10. h3 Qc7 11. Qc2 Qb6 12. e5 Bf5 13. Qe2 dxe5 14. dxe5 Ng8 15. e6 f6 16. Nc3 h5 17. Be3 Qc7 18. Rac1 Rc8 19. Rfd1 Qb8 20. Rd7 Ne5 21. Ba7 Nxf3+ 22. Qxf3 Qe5 23. Qb7 1-0

[Event "Colonia de Sant Jordi op-A"]
[Site "Colonia de Sant Jordi"]
[Date "2022.06.09"]
[Round "6"]
[White "Sayrol Clols, Josep Maria"]
[Black "Calzetta Ruiz, Monica"]
[Result "0-1"]
[WhiteElo "2047"]
[BlackElo "2230"]
[PlyCount "64"]
[EventDate "2022.06.04"]
[EventType "swiss"]
[EventRounds "9"]
[EventCountry "ESP"]
[SourceTitle "CBM 208 Extra"]
[Source "ChessBase"]
[SourceDate "2022.07.31"]
[SourceVersion "1"]
[SourceVersionDate "2022.07.31"]
[SourceQuality "1"]

1. e4 c5 2. d4 cxd4 3. c3 Nf6 4. e5 Nd5 5. cxd4 d6 6. Nf3 Nc6 7. Bc4 e6 8. 0-0 Be7 9. exd6 Qxd6 10. Nc3 0-0 11. a3 Rd8 12. Ne4 Qc7 13. Bg5 Bxg5 14. Nexg5 h6 15. Ne4 e5 16. Rc1 exd4 17. Nxd4 Nb6 18. Nb5 Qe5 19. Ned6 Nxc4 20. Rxc4 Be6 21. Re1 Qxb2 22. Rc2 Qxb5 23. Nxb5 Rxd1 24. Rxd1 Bb3 25. Rcd2 Bxd1 26. Rxd1 a6 27. Nc3 Rd8 28. Rc1 Rd3 29. Kf1 Nd4 30. f3 b5 31. Kf2 Rd2+ 32. Ke3 Rc2 0-1

[Event "Colonia de Sant Jordi op-A"]
[Site "Colonia de Sant Jordi"]
[Date "2022.06.06"]
[Round "3"]
[White "Schnabel, Ralf"]
[Black "Sayrol Clols, Josep Maria"]
[Result "1-0"]
[WhiteElo "2228"]
[BlackElo "2047"]
[PlyCount "109"]
[EventDate "2022.06.04"]
[EventType "swiss"]
[EventRounds "9"]
[EventCountry "ESP"]
[SourceTitle "CBM 208 Extra"]
[Source "ChessBase"]
[SourceDate "2022.07.31"]
[SourceVersion "1"]
[SourceVersionDate "2022.07.31"]
[SourceQuality "1"]

1. e4 c5 2. Nf3 Nc6 3. d4 cxd4 4. Nxd4 e5 5. Nb5 d6 6. c4 a6 7. N5c3 f5 8. exf5 Bxf5 9. Nd5 Nf6 10. Nbc3 Be7 11. Bd3 Be6 12. Be3 0-0 13. Bb6 Qd7 14. Nc7 Rac8 15. Nxe6 Qxe6 16. 0-0 Nb4 17. Be2 d5 18. c5 d4 19. Qa4 d3 20. Qxb4 dxe2 21. Nxe2 Kh8 22. Nc3 Qc6 23. Rad1 Bxc5 24. Bxc5 Qxc5 25. Qxb7 Rb8 26. Qf3 e4 27. Qe2 h6 28. Rd2 a5 29. Qe3 Qf5 30. h3 Rbe8 31. Re1 Rf7 32. Rde2 Rfe7 33. Qd4 Rd7 34. Qb6 Re6 35. Qb5 Re5 36. Qc4 Rc5 37. Qa6 Re5 38. Nxe4 Re6 39. Qa8+ Ng8 40. Ng3 Rxe2 41. Rxe2 Qb1+ 42. Kh2 Qxa2 43. b4 Qf7 44. Qxa5 Ra7 45. Qc5 Ra1 46. Rb2 Qf6 47. Qc2 Ne7 48. b5 Qb6 49. Qe4 Qf6 50. Re2 Ng6 51. Qf5 Qxf5 52. Nxf5 Rb1 53. Re8+ Kh7 54. Rb8 Ne5 55. Rb7 1-0

[Event "Palma de Mallorca op"]
[Site "Palma de Mallorca"]
[Date "2021.11.25"]
[Round "4"]
[White "Sayrol Clols, Josep Maria"]
[Black "Zrikem, Nassim"]
[Result "1-0"]
[WhiteElo "2077"]
[BlackElo "1963"]
[PlyCount "64"]
[EventDate "2021.11.22"]
[EventType "swiss"]
[EventRounds "7"]
[EventCountry "ESP"]
[SourceTitle "CBM 205 Extra"]
[Source "ChessBase"]
[SourceDate "2022.01.31"]
[SourceVersion "1"]
[SourceVersionDate "2022.01.31"]
[SourceQuality "1"]

1. e4 e5 2. f4 exf4 3. Nf3 g5 4. h4 g4 5. Ne5 h5 6. Bc4 Nh6 7. d4 d6 8. Nd3 f3 9. gxf3 Be7 10. Be3 Bxh4+ 11. Kd2 gxf3 12. Qxf3 Bg4 13. Qf4 Nc6 14. Nc3 Na5 15. Bb3 c6 16. Raf1 Nxb3+ 17. axb3 f5 18. d5 fxe4 19. Qxe4+ Be7 20. dxc6 bxc6 21. Qxc6+ Bd7 22. Qd5 Nf5 23. Rxf5 Bxf5 24. Qxf5 h4 25. Qg6+ Kd7 26. Qf5+ Ke8 27. Nd5 Rf8 28. Qe4 Kd7 29. Qa4+ Ke6 30. Qg4+ Kf7 31. Rf1+ Ke8 32. Qa4+ Qd7 1-0

[Event "Palma de Mallorca op"]
[Site "Palma de Mallorca"]
[Date "2021.11.23"]
[Round "2"]
[White "Sayrol Clols, Josep Maria"]
[Black "Ramon Sanchez Campins, Pedro"]
[Result "1/2-1/2"]
[WhiteElo "2077"]
[BlackElo "1713"]
[PlyCount "103"]
[EventDate "2021.11.22"]
[EventType "swiss"]
[EventRounds "7"]
[EventCountry "ESP"]
[SourceTitle "CBM 205 Extra"]
[Source "ChessBase"]
[SourceDate "2022.01.31"]
[SourceVersion "1"]
[SourceVersionDate "2022.01.31"]
[SourceQuality "1"]

1. e4 d5 2. exd5 Qxd5 3. Nc3 Qa5 4. d4 e6 5. Nf3 Nf6 6. Bd3 c6 7. 0-0 Be7 8. Bf4 Nbd7 9. Re1 Nf8 10. a3 Ng6 11. Bg3 0-0 12. b4 Qd8 13. h3 b6 14. Qe2 Nh5 15. Be5 Nhf4 16. Qe4 Nxd3 17. Qxd3 Bb7 18. Ne4 Rc8 19. Rad1 c5 20. c3 c4 21. Qe2 Bd5 22. Ned2 Qd7 23. Bg3 Qb7 24. h4 Rfe8 25. h5 Nf8 26. Be5 Nd7 27. Qe3 Bf6 28. Qf4 Bxf3 29. Nxf3 Nxe5 30. Nxe5 h6 31. Ng4 Bg5 32. Qg3 Qc7 33. Qf3 Qf4 34. Qxf4 Bxf4 35. g3 Bb8 36. Ne5 Bxe5 37. Rxe5 f6 38. Re4 Kf7 39. a4 Rcd8 40. Rde1 Rd5 41. Rh4 a6 42. Kg2 b5 43. Ra1 e5 44. axb5 axb5 45. Ra7+ Re7 46. Rxe7+ Kxe7 47. dxe5 fxe5 48. Re4 Kf6 49. Rg4 Rd3 50. Rg6+ Kf7 51. Rb6 Rxc3 52. Rxb5 1/2-1/2

[Event "Llucmajor op 8th"]
[Site "Llucmajor"]
[Date "2019.05.19"]
[Round "1"]
[White "Rasmussen, Allan Stig"]
[Black "Sayrol Clols, Josep Maria"]
[Result "1-0"]
[WhiteElo "2552"]
[BlackElo "2054"]
[PlyCount "61"]
[EventDate "2019.05.19"]
[EventType "swiss"]
[EventRounds "9"]
[EventCountry "ESP"]
[SourceTitle "CBM 190 Extra"]
[Source "ChessBase"]
[SourceDate "2019.07.15"]
[SourceVersion "1"]
[SourceVersionDate "2019.07.15"]
[SourceQuality "1"]

1. c4 e5 2. Nc3 Nf6 3. Nf3 Nc6 4. g3 d5 5. cxd5 Nxd5 6. Bg2 Nxc3 7. bxc3 Be7 8. 0-0 0-0 9. Bb2 Bf6 10. d3 a5 11. Nd2 a4 12. Rb1 Re8 13. c4 Bd7 14. Ne4 b6 15. f4 Ra5 16. Bc3 Ra7 17. Qd2 Nd4 18. Rf2 exf4 19. Qxf4 Rxe4 20. Qxe4 Nxe2+ 21. Rxe2 Bxc3 22. d4 a3 23. Kh1 g6 24. Qd5 Qc8 25. c5 Ra5 26. Qc4 Bb2 27. cxb6 c6 28. Re7 Be6 29. b7 Qb8 30. Qxc6 Kg7 31. Qxe6 1-0

[Event "Barcelona Puig Memorial op 2nd"]
[Site "Barcelona"]
[Date "2016.10.26"]
[Round "4"]
[White "Bertran Morancho, Joan"]
[Black "Sayrol Clols, Josep Maria"]
[Result "1-0"]
[WhiteElo "1982"]
[BlackElo "2114"]
[PlyCount "91"]
[EventDate "2016.09.28"]
[EventType "swiss"]
[EventRounds "9"]
[EventCountry "ESP"]
[SourceTitle "EXT 2018"]
[Source "ChessBase"]
[SourceDate "2017.10.13"]
[SourceVersion "1"]
[SourceVersionDate "2017.10.13"]
[SourceQuality "1"]

1. e4 c5 2. Nc3 Nc6 3. Nf3 g6 4. d4 cxd4 5. Nxd4 Bg7 6. Be3 d6 7. Bc4 Bd7 8. Qd2 Ne5 9. Bb3 Rc8 10. f3 Nc4 11. Bxc4 Rxc4 12. 0-0-0 a6 13. Kb1 b5 14. Nd5 Nf6 15. g4 Nxd5 16. exd5 0-0 17. h4 Qa8 18. Nb3 e6 19. Na5 Rcc8 20. Qh2 exd5 21. h5 g5 22. Bxg5 d4 23. h6 Be5 24. f4 Bh8 25. Be7 Qe4 26. Rhe1 Qd5 27. Qh5 Be6 28. Nb3 f6 29. Bxf8 Kxf8 30. f5 Bf7 31. Rxd4 Qg2 32. Rd2 Qf3 33. Qh2 d5 34. Qd6+ Kg8 35. Qxa6 Rb8 36. Qa7 Qg3 37. Rde2 Rf8 38. Qe3 Qh4 39. Qf2 Qxh6 40. Qh2 Qg5 41. Rh1 h5 42. gxh5 Kh7 43. h6 Qxf5 44. Rg1 Qd7 45. Reg2 Be6 46. Rg7+ 1-0

[Event "Barcelona Puig Memorial op 2nd"]
[Site "Barcelona"]
[Date "2016.09.28"]
[Round "1"]
[White "Sayrol Clols, Josep Maria"]
[Black "Lasaosa Irigoyen, Javier"]
[Result "1/2-1/2"]
[WhiteElo "2114"]
[BlackElo "1836"]
[PlyCount "74"]
[EventDate "2016.09.28"]
[EventType "swiss"]
[EventRounds "9"]
[EventCountry "ESP"]
[SourceTitle "EXT 2018"]
[Source "ChessBase"]
[SourceDate "2017.10.13"]
[SourceVersion "1"]
[SourceVersionDate "2017.10.13"]
[SourceQuality "1"]

1. e4 e5 2. Nf3 Nc6 3. d4 exd4 4. Bc4 Nf6 5. e5 d5 6. Bb5 Nd7 7. 0-0 Be7 8. Bxc6 bxc6 9. e6 fxe6 10. Nxd4 Nf6 11. Nxc6 Qd6 12. Nxe7 Qxe7 13. Bf4 0-0 14. Nc3 c6 15. Qe2 Qb4 16. Be5 Qg4 17. f3 Qf5 18. Rfe1 Nh5 19. Rad1 Nf4 20. Qf2 Ng6 21. Bd6 Re8 22. Qc5 Bd7 23. Ne2 e5 24. c4 Qc2 25. Rc1 Qxb2 26. cxd5 cxd5 27. Qxd5+ Be6 28. Qe4 Rad8 29. Rc2 Qb5 30. Bc5 Rc8 31. a4 Qc6 32. Qxc6 Rxc6 33. Rc3 Rec8 34. Rec1 Nf4 35. Nxf4 exf4 36. Bd4 Rxc3 37. Bxc3 a5 1/2-1/2

[Event "Sabadell op-A 9th"]
[Site "Sabadell"]
[Date "2016.09.02"]
[Round "2"]
[White "Sayrol Clols, Josep Maria"]
[Black "Aguero Jimenez, Luis Lazaro"]
[Result "0-1"]
[WhiteElo "2114"]
[BlackElo "2405"]
[PlyCount "148"]
[EventDate "2016.09.01"]
[EventType "swiss"]
[EventRounds "9"]
[EventCountry "ESP"]
[SourceTitle "CBM 174 Extra"]
[Source "ChessBase"]
[SourceDate "2016.10.10"]
[SourceVersion "1"]
[SourceVersionDate "2016.10.10"]
[SourceQuality "1"]

1. d4 Nf6 2. c4 g6 3. Nc3 d5 4. cxd5 Nxd5 5. e4 Nxc3 6. bxc3 Bg7 7. Bc4 0-0 8. h3 c5 9. Nf3 Nc6 10. Be3 cxd4 11. cxd4 Qa5+ 12. Kf1 b5 13. Bd5 Bb7 14. Rc1 Rac8 15. Kg1 e6 16. Bb3 Rfd8 17. d5 exd5 18. exd5 Ne7 19. Rxc8 Nxc8 20. Bg5 Rd7 21. Qe2 Nd6 22. Kh2 h6 23. Bf4 Qd8 24. Re1 Kh7 25. Bxd6 Rxd6 26. Qxb5 Bxd5 27. Bxd5 Rxd5 28. Qb3 Qc7+ 29. Kg1 Rc5 30. Qa4 Rc2 31. Nd4 Rc4 32. Nb5 Rxa4 33. Nxc7 Rxa2 34. Re7 Bd4 35. Rxf7+ Kg8 36. Rd7 Bxf2+ 37. Kh2 h5 38. Ne8 Ra6 39. g3 Bc5 40. Kg2 Re6 41. Nc7 Rf6 42. Rd8+ Rf8 43. Rd7 Rf2+ 44. Kh1 Re2 45. Nd5 Re6 46. Rc7 Bd4 47. Rd7 Bb6 48. Kg2 Kf8 49. Kf3 Ke8 50. Rg7 Kf8 51. Rd7 Bc5 52. Rc7 Bd4 53. Rd7 Ke8 54. Rb7 Kd8 55. Kf4 Kc8 56. Rc7+ Kb8 57. Rd7 Be5+ 58. Ke4 Bxg3+ 59. Kd4 Be5+ 60. Kc5 Bh2 61. Rd8+ Kb7 62. Rd7+ Kc8 63. Rg7 Kd8 64. Rb7 a5 65. Kb5 Rd6 66. Nb6 Rd1 67. Rg7 Rg1 68. Kc6 Ke8 69. Kd5 Rd1+ 70. Kc6 Rd6+ 71. Kb5 Kf8 72. Rh7 Kg8 73. Rb7 Rd3 74. Nd7 Rb3+ 0-1

[Event "Sabadell op 7th"]
[Site "Sabadell"]
[Date "2014.09.02"]
[Round "1"]
[White "Sayrol Clols, Josep Maria"]
[Black "Aroshidze, Levan"]
[Result "0-1"]
[WhiteElo "2115"]
[BlackElo "2531"]
[PlyCount "66"]
[EventDate "2014.09.02"]
[EventType "swiss"]
[EventRounds "9"]
[EventCountry "ESP"]
[SourceTitle "CBM 162 Extra"]
[Source "ChessBase"]
[SourceDate "2014.10.17"]
[SourceVersion "1"]
[SourceVersionDate "2014.10.17"]
[SourceQuality "1"]

1. e4 c5 2. c3 Nf6 3. e5 Nd5 4. d4 cxd4 5. Bc4 Qc7 6. Qe2 Nb6 7. Bb3 d3 8. Qxd3 Qxe5+ 9. Be3 e6 10. Nf3 Qc7 11. 0-0 Nc6 12. Nbd2 Be7 13. Ne4 d5 14. Neg5 h6 15. Nh3 g5 16. Bd4 Nxd4 17. Qxd4 Rg8 18. g4 h5 19. Bc2 hxg4 20. Bh7 gxf3 21. Bxg8 e5 22. Qe3 Bxh3 23. Bxf7+ Kxf7 24. Qxf3+ Bf6 25. Qxh3 Rh8 26. Qg3 Qc4 27. b3 Qf4 28. Rad1 e4 29. Rc1 Be5 30. h3 Qf6 31. Qg4 Rh4 32. Qg2 g4 33. hxg4 Rh2 0-1

[Event "La Pobla de Lillet op 24th"]
[Site "La Pobla de Lillet"]
[Date "2014.08.09"]
[Round "8"]
[White "Corriguelas Armillas, Frederic"]
[Black "Sayrol Clols, Josep Maria"]
[Result "0-1"]
[WhiteElo "2035"]
[BlackElo "2134"]
[PlyCount "68"]
[EventDate "2014.08.02"]
[EventType "swiss"]
[EventRounds "9"]
[EventCountry "ESP"]
[SourceTitle "EXT 2017"]
[Source "ChessBase"]
[SourceDate "2016.10.25"]
[SourceVersion "1"]
[SourceVersionDate "2016.10.25"]
[SourceQuality "1"]

1. e4 c5 2. Nf3 Nc6 3. d4 cxd4 4. Nxd4 Nf6 5. Nc3 e5 6. Ndb5 d6 7. Nd5 Nxd5 8. exd5 Nb8 9. a4 a6 10. Na3 Be7 11. Be2 0-0 12. 0-0 f5 13. f4 b6 14. Nc4 e4 15. Be3 Nd7 16. Kh1 Bb7 17. g4 b5 18. Na3 Nf6 19. gxf5 Nxd5 20. Bd4 e3 21. Bf3 Rxf5 22. axb5 axb5 23. Nxb5 Rxa1 24. Qxa1 Rxf4 25. Qa2 Kh8 26. Bxg7+ Kxg7 27. Rg1+ Kh8 28. Bxd5 Bxd5+ 29. Qxd5 Qf8 30. Nc3 Bf6 31. Ne2 Rf2 32. Ng3 Be5 33. Rg2 e2 34. Nxe2 Rxe2 0-1

[Event "Barcelona Chavarria Memorial 2nd"]
[Site "Barcelona"]
[Date "2013.11.06"]
[Round "4"]
[White "Hernando Rodrigo, Julio Antonio"]
[Black "Sayrol Clols, Josep Maria"]
[Result "1/2-1/2"]
[WhiteElo "2379"]
[BlackElo "2108"]
[PlyCount "40"]
[EventDate "2013.10.16"]
[EventType "swiss"]
[EventRounds "9"]
[EventCountry "ESP"]
[SourceTitle "EXT 2015"]
[Source "ChessBase"]
[SourceDate "2014.11.20"]
[SourceVersion "1"]
[SourceVersionDate "2014.11.20"]
[SourceQuality "1"]

1. d4 Nf6 2. c4 e5 3. dxe5 Ne4 4. a3 d6 5. Nf3 Nc6 6. exd6 Bxd6 7. Qd3 Qe7 8. Nc3 Bf5 9. Nd5 Qe6 10. Nh4 Ne5 11. Qd4 Nc5 12. Nxf5 Qxf5 13. e4 Nxe4 14. f4 c6 15. Nc3 Nxc3 16. Qxc3 Ng6 17. Qe3+ Kf8 18. Bd3 Qh5 19. Be2 Qf5 20. Bd3 Qxf4 1/2-1/2

[Event "Barcelona Chavarria Memorial 2nd"]
[Site "Barcelona"]
[Date "2013.10.30"]
[Round "3"]
[White "Sayrol Clols, Josep Maria"]
[Black "Lorenzo de la Riva, Lazaro"]
[Result "1-0"]
[WhiteElo "2108"]
[BlackElo "2418"]
[PlyCount "63"]
[EventDate "2013.10.16"]
[EventType "swiss"]
[EventRounds "9"]
[EventCountry "ESP"]
[SourceTitle "EXT 2015"]
[Source "ChessBase"]
[SourceDate "2014.11.20"]
[SourceVersion "1"]
[SourceVersionDate "2014.11.20"]
[SourceQuality "1"]

1. e4 e5 2. Nf3 Nc6 3. d4 exd4 4. Bc4 Nf6 5. e5 d5 6. Bb5 Ne4 7. Nxd4 Bd7 8. Bxc6 bxc6 9. 0-0 Be7 10. f3 Nc5 11. f4 Ne4 12. f5 c5 13. Ne2 Bc6 14. Nbc3 Nxc3 15. bxc3 Qd7 16. Qd3 0-0-0 17. Rb1 Bb7 18. Bd2 c4 19. Qg3 f6 20. e6 Qa4 21. Nd4 a6 22. Bf4 Qa5 23. Qxg7 Rde8 24. Qg3 Rhg8 25. Qf3 Bc5 26. Kh1 Rd8 27. Rb2 Ba8 28. Rfb1 Ba7 29. Qe3 Qa4 30. Nc6 Bb6 31. Rxb6 cxb6 32. Qxb6 1-0

[Event "Sabadell op 6th"]
[Site "Sabadell"]
[Date "2013.09.09"]
[Round "8"]
[White "Sayrol Clols, Josep Maria"]
[Black "Vidarte Morales, Arturo"]
[Result "1/2-1/2"]
[WhiteElo "2111"]
[BlackElo "2337"]
[PlyCount "150"]
[EventDate "2013.09.02"]
[EventType "swiss"]
[EventRounds "9"]
[EventCountry "ESP"]
[SourceTitle "CBM 156 Extra"]
[Source "ChessBase"]
[SourceDate "2013.10.22"]
[SourceVersion "1"]
[SourceVersionDate "2013.10.22"]
[SourceQuality "1"]

1. e4 c5 2. Nf3 e6 3. d4 cxd4 4. Nxd4 a6 5. Nc3 Qc7 6. Bd3 b5 7. 0-0 Bb7 8. Re1 Nc6 9. Nxc6 Qxc6 10. Nd5 Nf6 11. Nxf6+ gxf6 12. Qh5 Bc5 13. Be3 Rc8 14. Qh6 Ke7 15. Bxc5+ Qxc5 16. e5 fxe5 17. Qg5+ f6 18. Qg7+ Kd6 19. Rad1 Kc7 20. Be4 Bd5 21. Bxd5 exd5 22. Qxf6 d6 23. Qf7+ Kc6 24. b4 Qc4 25. Qa7 Ra8 26. Qg7 h5 27. c3 Rhf8 28. Qh7 Qf4 29. Re2 Qf5 30. Qe7 Rf7 31. Qh4 a5 32. bxa5 Qg4 33. Qxg4 hxg4 34. Red2 Rxa5 35. Rxd5 Rf6 36. R5d2 Ra3 37. Rc1 d5 38. Rb2 Kc5 39. Rcb1 Rb6 40. Rc1 Rba6 41. Rcc2 R6a4 42. h4 gxh3 43. gxh3 Kc4 44. Kg2 Ra5 45. Rb4+ Kd3 46. Rcb2 Kxc3 47. Rxb5 Rxb5 48. Rxb5 Kc4 49. Rb2 d4 50. Rc2+ Kd3 51. Rc5 e4 52. h4 Rxa2 53. Kf1 Ra1+ 54. Kg2 Ra6 55. h5 Rf6 56. Re5 e3 57. fxe3 dxe3 58. Re8 Rf5 59. h6 Rh5 60. Re6 e2 61. Rd6+ Ke3 62. Re6+ Kd2 63. Rd6+ Ke1 64. Rf6 Rh4 65. Rd6 Rg4+ 66. Kf3 Rh4 67. Kg2 Rh5 68. Re6 Rh4 69. Kf3 Rh2 70. Kg3 Rh1 71. Kg2 Rh5 72. Kf3 Rf5+ 73. Kg2 Kd1 74. Rd6+ Ke1 75. h7 Rh5 1/2-1/2

[Event "Barcelona Pujol Memorial 3rd"]
[Site "Barcelona"]
[Date "2011.11.30"]
[Round "9"]
[White "Barbero Sendic, Alejandro"]
[Black "Sayrol Clols, Josep Maria"]
[Result "0-1"]
[WhiteElo "2263"]
[BlackElo "2142"]
[PlyCount "115"]
[EventDate "2011.09.28"]
[EventType "swiss"]
[EventRounds "9"]
[EventCountry "ESP"]
[SourceTitle "EXT 2013"]
[Source "ChessBase"]
[SourceDate "2012.11.22"]
[SourceVersion "1"]
[SourceVersionDate "2012.11.22"]
[SourceQuality "1"]

1. e4 c5 2. Nf3 Nc6 3. d4 cxd4 4. Nxd4 Nf6 5. Nc3 e5 6. Ndb5 d6 7. Bg5 a6 8. Na3 b5 9. Nd5 Qa5+ 10. c3 Nxe4 11. Be3 Rb8 12. Bd3 Nf6 13. Nxf6+ gxf6 14. Qf3 Qc7 15. Qxf6 Rg8 16. 0-0 Bh3 17. Be4 Qd7 18. Kh1 Be7 19. Qh6 Bxg2+ 20. Bxg2 Rxg2 21. Qxh7 Qg4 22. f3 Qg7 23. Qh3 Rg6 24. Nc2 Qf6 25. a4 bxa4 26. Rxa4 Rxb2 27. Rxa6 Qh4 28. Qf5 Qh7 29. Qe4 Rxc2 30. Qxc6+ Kf8 31. Qc8+ Kg7 32. Rf2 Qh4 33. Ra8 Kf6 34. Qh8+ Qxh8 35. Rxh8 Rxc3 36. Bd2 Rb3 37. h4 Rb1+ 38. Kh2 Rgg1 39. f4 Rh1+ 40. Kg2 e4 41. Bc3+ Kf5 42. Rb2 Rbg1+ 43. Kf2 Kxf4 44. Bd2+ Ke5 45. Rb5+ Ke6 46. Rh6+ f6 47. h5 d5 48. Rh7 Bd6 49. Rb6 Rb1 50. Rxb1 Rxb1 51. h6 d4 52. Ba5 Rb2+ 53. Kf1 Bf4 54. Rh8 Rh2 55. h7 Kf7 56. Bd8 Be5 57. Be7 Kg7 58. Rd8 0-1

[Event "Barcelona Pujol Memorial 3rd"]
[Site "Barcelona"]
[Date "2011.11.09"]
[Round "6"]
[White "Sayrol Clols, Josep Maria"]
[Black "Exposito Amaro, Josue"]
[Result "0-1"]
[WhiteElo "2142"]
[BlackElo "2262"]
[PlyCount "92"]
[EventDate "2011.09.28"]
[EventType "swiss"]
[EventRounds "9"]
[EventCountry "ESP"]
[SourceTitle "EXT 2013"]
[Source "ChessBase"]
[SourceDate "2012.11.22"]
[SourceVersion "1"]
[SourceVersionDate "2012.11.22"]
[SourceQuality "1"]

1. d4 d5 2. Nf3 e6 3. g3 Nf6 4. Bg2 c5 5. c3 Nc6 6. 0-0 Be7 7. Nbd2 cxd4 8. Nxd4 0-0 9. Nxc6 bxc6 10. e4 Qc7 11. Re1 Rd8 12. exd5 cxd5 13. Nf3 Bb7 14. Nd4 Ne4 15. Be3 Nd6 16. Qg4 Bc8 17. Qh5 Rb8 18. Rab1 Ba6 19. Bg5 Bxg5 20. Qxg5 Bd3 21. Rbd1 Be4 22. f3 Bg6 23. h4 Rxb2 24. h5 h6 25. Qc1 Rb1 26. Qf4 Rxd1 27. Rxd1 Bxh5 28. Kh2 Bg6 29. Qg4 Nf5 30. Nxe6 fxe6 31. Qxg6 Qf7 32. Qxf7+ Kxf7 33. Rb1 Rc8 34. Rb7+ Kf6 35. Rb3 Ne3 36. f4 Nd1 37. Rb7 a5 38. Rb5 a4 39. Rb6 Nxc3 40. Bh3 Re8 41. f5 Nxa2 42. fxe6 Nc3 43. Rb7 Re7 44. Rb8 a3 45. Rf8+ Ke5 46. Rf5+ Kd6 0-1

[Event "Barcelona Pujol Memorial 3rd"]
[Site "Barcelona"]
[Date "2011.11.02"]
[Round "5"]
[White "De la Plaza Gras, Jordi"]
[Black "Sayrol Clols, Josep Maria"]
[Result "0-1"]
[WhiteElo "2049"]
[BlackElo "2142"]
[PlyCount "120"]
[EventDate "2011.09.28"]
[EventType "swiss"]
[EventRounds "9"]
[EventCountry "ESP"]
[SourceTitle "EXT 2013"]
[Source "ChessBase"]
[SourceDate "2012.11.22"]
[SourceVersion "1"]
[SourceVersionDate "2012.11.22"]
[SourceQuality "1"]

1. f4 d5 2. Nf3 c5 3. e3 Nc6 4. Bb5 Bd7 5. b3 Nf6 6. Bb2 a6 7. Bxc6 Bxc6 8. Ne5 Rc8 9. 0-0 d4 10. Nxc6 Rxc6 11. Qf3 g6 12. e4 Bg7 13. d3 0-0 14. Nd2 b5 15. a4 Qd7 16. h3 Rb8 17. g4 c4 18. axb5 axb5 19. bxc4 bxc4 20. Ba3 cxd3 21. cxd3 Rc3 22. Rab1 Rxb1 23. Nxb1 Rb3 24. g5 Nh5 25. e5 h6 26. f5 hxg5 27. e6 fxe6 28. fxg6 Nf4 29. Qa8+ Bf8 30. Nd2 Rxd3 31. Ne4 Nxg6 32. Rxf8+ Nxf8 33. Nf6+ exf6 34. Qxf8+ Kh7 35. Be7 Rd1+ 36. Kf2 Rf1+ 37. Kxf1 Qb5+ 38. Kf2 Qf5+ 39. Kg2 Qe4+ 40. Kg1 Qe3+ 41. Kg2 Qe2+ 42. Kg3 Qe1+ 43. Kg2 Qe2+ 44. Kg3 Qe5+ 45. Kg2 Kg6 46. Qe8+ Kf5 47. Qh5 Qe4+ 48. Kf1 Qb1+ 49. Kg2 Qb7+ 50. Qf3+ Qxf3+ 51. Kxf3 e5 52. Bd8 e4+ 53. Kg3 d3 54. Kf2 d2 55. Ke2 e3 56. Bb6 Ke4 57. Bd8 f5 58. Bxg5 f4 59. h4 f3+ 60. Kd1 Kd3 0-1

[Event "Barcelona Pujol Memorial 3rd"]
[Site "Barcelona"]
[Date "2011.10.19"]
[Round "3"]
[White "Gomez de Argila, Lluis"]
[Black "Sayrol Clols, Josep Maria"]
[Result "0-1"]
[WhiteElo "1510"]
[BlackElo "2142"]
[PlyCount "55"]
[EventDate "2011.09.28"]
[EventType "swiss"]
[EventRounds "9"]
[EventCountry "ESP"]
[SourceTitle "EXT 2013"]
[Source "ChessBase"]
[SourceDate "2012.11.22"]
[SourceVersion "1"]
[SourceVersionDate "2012.11.22"]
[SourceQuality "1"]

1. e4 c5 2. Nf3 Nc6 3. c3 d5 4. exd5 Qxd5 5. d3 e5 6. Be2 Be7 7. Nbd2 Nf6 8. 0-0 0-0 9. Re1 Bf5 10. Nc4 Bg6 11. Bg5 h6 12. Bh4 Rfd8 13. Ne3 Qd7 14. Bxf6 Bxf6 15. h3 Bxd3 16. Bxd3 Qxd3 17. Qxd3 Rxd3 18. Ng4 Re8 19. Rad1 c4 20. Nxf6+ gxf6 21. Rxd3 cxd3 22. Rd1 e4 23. Nh4 Re5 24. g4 Ne7 25. Ng2 f5 26. gxf5 Nxf5 27. Ne3 Nh4 28. Kh2 0-1

[Event "Barbera del Valles op 33th"]
[Site "Barbera del Valles"]
[Date "2010.07.07"]
[Round "4"]
[White "Sayrol Clols, Josep Maria"]
[Black "Perez Mitjans, Orelvis"]
[Result "0-1"]
[WhiteElo "2099"]
[BlackElo "2424"]
[PlyCount "54"]
[EventDate "2010.07.04"]
[EventType "swiss"]
[EventRounds "9"]
[EventCountry "ESP"]
[SourceTitle "CBM 137 Extra"]
[Source "ChessBase"]
[SourceDate "2010.09.01"]
[SourceVersion "1"]
[SourceVersionDate "2010.09.01"]
[SourceQuality "1"]

1. e4 d5 2. exd5 Qxd5 3. Nc3 Qa5 4. d4 Nf6 5. h3 Bf5 6. Nf3 e6 7. Bb5+ c6 8. Bd3 Nbd7 9. 0-0 h6 10. Re1 Bxd3 11. Qxd3 0-0-0 12. Bf4 g5 13. Be5 Rg8 14. a3 Nxe5 15. Nxe5 Qc7 16. Ne4 Nd5 17. Qf3 f5 18. Nc5 Bxc5 19. dxc5 g4 20. hxg4 Rdf8 21. Rad1 fxg4 22. Qg3 Rg5 23. c4 Nf4 24. Rd7 Qa5 25. b4 Qa4 26. Rf7 Rxf7 27. Nxf7 Ne2+ 0-1